Statistics for Countries of the World by Starting Letter and Area

Click here to take the quiz!

General Stats

  • This quiz has been taken 522 times
  • The average score is 86 of 196

Answer Stats

COUNTRY % Correct
Australia
95%
Brazil
94%
Canada
91%
France
88%
Ethiopia
87%
Germany
85%
Argentina
85%
Honduras
84%
Democratic Republic of the Congo
82%
China
79%
Algeria
77%
Finland
75%
Bolivia
73%
Angola
71%
Egypt
70%
Hungary
70%
Denmark
70%
Oman
68%
India
68%
Fiji
66%
Haiti
66%
Kazakhstan
66%
Chad
65%
Djibouti
65%
Dominican Republic
64%
Afghanistan
64%
Indonesia
64%
Gabon
64%
Ecuador
63%
Colombia
62%
Qatar
62%
Japan
62%
Yemen
62%
Botswana
62%
Eritrea
62%
Peru
61%
Mexico
61%
United States
61%
Zambia
61%
Russia
60%
Iran
60%
Pakistan
59%
Niger
59%
Iraq
59%
Venezuela
58%
Jordan
57%
Azerbaijan
57%
Ghana
57%
Dominica
57%
Estonia
56%
Guinea
56%
Libya
56%
Nigeria
55%
Zimbabwe
55%
Guyana
55%
Jamaica
55%
United Kingdom
55%
Chile
55%
Uzbekistan
54%
Italy
53%
Kyrgyzstan
53%
Austria
53%
Andorra
52%
Kenya
52%
Federated States of Micronesia
52%
Iceland
51%
Guatemala
51%
Ukraine
50%
Vietnam
50%
Mali
50%
Greece
49%
Vatican City
49%
Armenia
49%
El Salvador
49%
Uganda
49%
Mauritania
48%
Ireland
48%
Mongolia
48%
Antigua and Barbuda
48%
Burma
48%
Vanuatu
47%
Turkey
47%
Laos
47%
Albania
46%
Romania
45%
Norway
45%
Guinea-Bissau
45%
Equatorial Guinea
45%
East Timor
45%
Namibia
45%
Kosovo
45%
Uruguay
45%
Tanzania
45%
Belarus
45%
Saudi Arabia
44%
Sudan
44%
Paraguay
43%
Burkina Faso
43%
United Arab Emirates
43%
Rwanda
42%
Thailand
42%
Republic of the Congo
42%
Kuwait
42%
Bulgaria
41%
Lithuania
41%
Turkmenistan
40%
Kiribati
40%
Papua New Guinea
40%
South Africa
40%
Georgia
39%
Philippines
39%
Grenada
39%
Latvia
39%
Cameroon
38%
Liberia
38%
Central African Republic
38%
South Sudan
38%
Benin
38%
New Zealand
37%
Mozambique
37%
Poland
37%
Israel
37%
Cambodia
36%
Gambia
36%
Brunei
35%
Bangladesh
35%
Luxembourg
35%
Liechtenstein
35%
Belgium
35%
Nepal
35%
Croatia
35%
Comoros
34%
Czech Republic
34%
Lesotho
33%
Madagascar
33%
Cuba
33%
Côte d'Ivoire
32%
Tajikistan
31%
Costa Rica
31%
Bosnia and Herzegovina
30%
Nicaragua
30%
Bahrain
30%
Burundi
30%
Somalia
29%
Malaysia
29%
Panama
29%
Portugal
29%
Belize
29%
North Korea
29%
Palau
29%
Barbados
29%
Tuvalu
29%
Nauru
29%
Bhutan
29%
Lebanon
29%
Tonga
28%
Cyprus
28%
Bahamas
28%
Cape Verde
27%
Sweden
27%
Morocco
27%
Monaco
26%
Netherlands
25%
Togo
25%
Malta
23%
Tunisia
23%
Trinidad and Tobago
20%
Taiwan
20%
Moldova
20%
Malawi
20%
Macedonia
19%
Maldives
19%
Syria
19%
Marshall Islands
19%
Spain
19%
Senegal
19%
Mauritius
19%
Montenegro
19%
Suriname
18%
Slovakia
17%
Saint Vincent and the Grenadines
17%
South Korea
17%
Saint Kitts and Nevis
17%
Saint Lucia
17%
Serbia
16%
San Marino
16%
Slovenia
15%
Solomon Islands
15%
Switzerland
15%
Sri Lanka
14%
Seychelles
14%
São Tomé and Príncipe
14%
Singapore
14%
Samoa
12%
Swaziland
11%
Sierra Leone
11%

Score Distribution

Percentile by Number Answered

Percent of People with Each Score

Your Score History

You have not taken this quiz